000 00514nam a2200205Ia 4500
003 OSt
005 20230612113224.0
008 210423s2008 xx 000 0 und d
020 _a978017854962
040 _cAL
041 _aeng
082 _a574.192
_223
_bLITG
100 _aLITWACK (Gerald).
_999178
245 _aHuman biochemistry and disease.
260 _aNew Delhi
_bAcademic Press
_c2008
300 _axv,1254
_bPB
365 _cINR
906 _abiochemistry ; disease ; Human
942 _2ddc
_cBK
999 _c163714
_d163714